00454 a2200145 4500001001000000005001700010008004100027245007300068100002100141700002200162700002100184700002200205773006400227999001700291ART_2953220260410161850.0260409a 10aE pur si muove? Movilidad, pobreza y desigualdad en América Latina1 aConconi, Adriana1 aCruces, Guillermo1 aOlivieri, Sergio1 aSánchez, Raúl0 tEconómicag- Año LIV, Nº 1/2 (ene./dic. 2008)wREV7541 c24890d24890